Horse breeds by picture - Statistics

General Stats
  • This quiz has been taken 7 times
  • The average score is 5 of 15
Answer Stats
Picture Answer % Correct
Clydesdale
67%
Quarter horse
67%
Shetland
67%
Andalusian
33%
Appaloosa
33%
Arabian
33%
Dutch warmblood
33%
Friesian
33%
Icelandic
33%
Morgan
33%
Thoroughbred
33%
Gypsy Vanner
0%
Haflinger
0%
Missouri fox trotter
0%
Shire
0%
No matching quizzes found
Score Distribution
Percent of People with Each Score
Percentile by Number Answered
Your Score History
You have not taken this quiz